Fly cycle 2 : the lives of a fly

Spremljeno u:
Bibliografski detalji
Glavni autor: Tyler, Mary S.
Format: Knjiga
Jezik:Undetermined
Izdano: Sunderland Sinauer 2003
Teme:
Oznake: Dodaj oznaku
Bez oznaka, Budi prvi tko označuje ovaj zapis!
Thư viện lưu trữ: Trung tâm Học liệu Trường Đại học Cần Thơ
LEADER 00669nam a2200205Ia 4500
001 CTU_172086
008 210402s9999 xx 000 0 und d
082 |a 571.8 
082 |b T983 
100 |a Tyler, Mary S. 
245 0 |a Fly cycle 2 : 
245 4 |b the lives of a fly 
245 0 |c Mary S. Tyler, Ronald N. Kozlowski 
260 |a Sunderland 
260 |b Sinauer 
260 |c 2003 
650 |a Drosophila melanogaster,Fruit-flies,Ruồi giấm,Trái cây - ruồi 
650 |x Development,Development,Sự phát triển,Sự phát triển 
904 |i Hồng Cẩm, Năm 
980 |a Trung tâm Học liệu Trường Đại học Cần Thơ